La buena fe en el derecho del trabajo

Spremljeno u:
Bibliografski detalji
Glavni autor: Montoya Melgar, Alfredo (autor)
Format: Knjiga
Jezik:španjolski
Izdano: Madrid Tecnos 2001
Teme:
Oznake: Dodaj oznaku
Bez oznaka, Budi prvi tko označuje ovaj zapis!

MARC

LEADER 00000nam a2200000 a 4500
001 UCM8943
003 CL-VaPUC
008 030404e20010000SP |||||||||||||||||spa|d
082 0 4 |a 344.01  |b MON  |2 21 
100 |a Montoya Melgar, Alfredo  |e autor  |9 572092 
245 1 3 |a La buena fe en el derecho del trabajo 
300 |a 102 p 
942 |c BK 
945 |d 20030404 00:00:00  |a cmena 
260 |a Madrid  |b Tecnos  |c 2001 
650 7 |a DERECHO LABORAL  |2 CL-VaPUC  |9 15 
650 7 |a DEBERES Y DERECHOS  |2 CL-VaPUC  |9 446596 
650 0 |a Buena fe   |9 383961 
650 0 |a Trabajadores  |9 260887 
650 7 |a EMPRESARIOS  |2 CL-VaPUC  |9 315086 
583 |a last modification  |c 20030404 00:00:00  |k Rodrigo Vera 
999 |c 303355  |d 303353 
952 |0 0  |1 0  |4 0  |6 344_010000000000000_MON_2001  |7 0  |8 A  |9 364596  |a BIBDER  |b BIBDER  |d 2019-11-21  |i 3891356  |l 3  |o 344.01 MON 2001  |p 3891356  |r 2023-12-04  |s 2023-11-27  |w 2019-11-21  |y BK  |k DER